000 00660nam a2200253 a 4500
003 AR-BaBNM
005 20251128205548.0
008 082120s2002 ||||||||||||||000 | spa||
020 _a950-843-283-7
040 _cAR-BaBNM
100 1 _aHendriksen, Mercedes
245 0 0 _aNada más que un juego
_bcuentos
260 _aBuenos Aires
_bVinciguerra
_c1997
300 _a102 p.
_bil.
490 0 _aMarionetas de aserrín
650 4 _aLITERATURA ARGENTINA
650 4 _aLITERATURA INFANTIL
650 4 _aLIBROS PARA NIÑOS
650 4 _aCUENTOS DE ANIMALES
653 _aCUENTO FANTASTICO
655 _aLITERATURA
942 _cBK
998 _cMARTIN
999 _c11900
_d11900